000 00582nam a22001937a 4500
999 _c525863
_d525863
003 NUST
005 20190707135814.0
008 190705b ||||| |||| 00| 0 eng d
038 _aMr.Atta
082 _a510
100 _aSaeed, Maria
_916809
245 _aExistence and uniqueness result of terminal value problems for right fractional calculus /
_cMaria Saeed
260 _aIslamabad :
_bSNS - NUST,
_c2017.
300 _av, 60 p. ;
_c30cm.
500 _aHardcover.
650 _aMathematics - MS Thesis
_916139
700 _aDr. Mujeeb ur Rehman
_916447
942 _2ddc
_cTHE